000 00542nam a2200205 a 4500
005 20210219153341.0
008 991125n 000 0 spa u
035 _aUPN01000093154
100 1 _aBrown César, Javier
222 0 _aBIEN COMUN Y GOBIERNO
245 0 0 _a¿Por qué fracasan las políticas públicas?
260 _aMéxico
300 _a59-69
362 0 _a2000 Año 6, no. 67, jun.
653 0 _aADMINISTRACION PUBLICA
653 0 _aMEXICO
653 0 _aPOLITICA EDUCATIVA
904 _aAC
_b030965
905 _aArticulo
999 _c74585
_d74585